Normal view MARC view
  • Military telecommunication

Entry Topical Term

Number of records used in: 4

001 - CONTROL NUMBER

  • control field: 99355

003 - CONTROL NUMBER IDENTIFIER

  • control field: NUST

005 - DATE AND TIME OF LATEST TRANSACTION

  • control field: 20221006155123.0

008 - FIXED-LENGTH DATA ELEMENTS

  • fixed length control field: 221006|| aca||aabn | a|a d

040 ## - CATALOGING SOURCE

  • Original cataloging agency: NUST
  • Transcribing agency: NUST

150 ## - HEADING--TOPICAL TERM

  • Topical term or geographic name entry element: Military telecommunication

670 ## - SOURCE DATA FOUND

  • Source citation: Work cat.: (NUST)175895: Ricci, Fred J., 99352, U.S. military communications :, c1986.
© 2023 Central Library, National University of Sciences and Technology. All Rights Reserved.